[Event "Croatian junior league 2021"]
[Site "Rabac"]
[Date "2021.04.07"]
[Round "3.1"]
[White "Cotic, Borna"]
[Black "Karlusic, Luka"]
[Result "1/2-1/2"]
[WhiteElo "2120"]
[BlackElo "2047"]
[Annotator "TA"]
[PlyCount "35"]
[EventDate "2021.04.06"]
[EventType "swiss"]
[EventCountry "CRO"]
[SourceTitle "playchess.com"]
[Source "ChessBase"]
[SourceQuality "1"]

{[%evp 16,35,0,0,-6,-9,5,-14,14,2,33,25,27,23,14,28,32,11,18,0,6,-112]} 1. e4 e6 2. d4 d5 3. Nd2 Nc6 4. Ngf3 Nf6 5. e5 Nd7 6. c3 f6 7. exf6 Qxf6 8. Be2 Bd6 9. O-O O-O {C04: French Tarrasch: 3...Nc6.} 10. Nb3 h6 11. Be3 Qf7 {[#]} 12. c4 $146 ({Predecessor:} 12. Nh4 g5 13. Nf3 Nf6 14. Ne1 e5 15. dxe5 Nxe5 16. h3 Qg6 17. Nd4 g4 18. f4 gxf3 19. Ndxf3 Bxh3 20. Nxe5 Bxe5 21. Rxf6 Bxf6 22. Qxd5+ {0-1 (35) Bartlett,S (1789)-Jovanovic,P (1915) Canberra 2002}) 12... dxc4 13. Nbd2 Nb6 14. Nxc4 Nxc4 15. Bxc4 Kh8 16. Re1 Qf6 17. Qe2 e5 18. Qd1 {Weighted Error Value: White=0.10/Black=0.08} (18. Nxe5 $11 {keeps the balance.} Nxe5 19. dxe5 Qxe5 20. g3) 1/2-1/2

[Event "Croatian junior league 2021"]
[Site "Rabac"]
[Date "2021.04.07"]
[Round "3.2"]
[White "Mahecic, Lovre"]
[Black "Simunic, Krunoslav"]
[Result "1/2-1/2"]
[WhiteElo "1958"]
[BlackElo "1999"]
[Annotator "TA"]
[PlyCount "112"]
[EventDate "2021.04.06"]
[EventType "swiss"]
[EventCountry "CRO"]
[SourceTitle "playchess.com"]
[Source "ChessBase"]
[SourceQuality "1"]

{[%evp 15,112,21,51,22,21,18,29,27,30,20,13,25,23,0,4,0,10,0,-2,0,8,0,0,-20,43,0,8,0,0,0,0,-6,0,0,0,0,0,0,0,-12,-20,-25,0,0,0,-7,-8,-8,-10,-10,-10,-9,0,-11,-8,-42,-13,-20,0,0,0,0,29,25,25,25,25,25,25,25,25,8,51,25,872,817,794,781,780,760,706,702,648,477,241,47,47,48,48,48,51,51,51,49,50,0,0,0,0]} 1. c4 e6 2. g3 d5 3. Bg2 Nf6 4. Nf3 c5 5. O-O Nc6 6. cxd5 exd5 7. d4 Be7 8. Nc3 h6 9. Bf4 {D34: Tarrasch Defence: 6 g3 Nf6 7 Bg2 Be7.} O-O 10. Rc1 c4 11. Ne5 {White has an edge.} Bf5 12. b3 (12. g4 {seems wilder.} Bh7 13. g5 hxg5 14. Bxg5 Rc8 15. e3) 12... Ba3 13. bxc4 Bxc1 {[#]} 14. Bxc1 $146 {[%cal Rc4d5]} ({Predecessor:} 14. Qxc1 Be4 15. Nxe4 dxe4 16. Nxc6 bxc6 17. Qc3 Re8 18. f3 Qd7 19. Be5 exf3 20. Bxf3 Ng4 21. Bf4 Rad8 22. Rd1 Nf6 23. Be5 Rxe5 {0-1 (23) Cadeirinhas,D (1877)-Godinho,M (1852) Lisbon 2014}) 14... dxc4 15. Nxc6 bxc6 16. Ba3 Qa5 17. Bxf8 Rxf8 18. Qc1 Nd5 19. Nd1 Nb6 (19... Qxa2 $2 20. e4 $18) (19... Be6 $11) 20. e4 Bg4 21. Nc3 Na4 22. Nxa4 Qxa4 23. Qd2 Qa3 24. Qc2 c3 25. Rb1 Rd8 26. Rb3 Qa4 27. h3 (27. Rxc3 {is more complex.} Qxd4 28. Bf1 Qe5 29. h3 Bd1 30. Qc1) 27... Qxd4 {...Qd1+ is the strong threat.} 28. Rxc3 ({Avoid the trap} 28. hxg4 $2 Qd1+ 29. Qxd1 Rxd1+ 30. Kh2 c2 $19) 28... Bd1 29. Qc1 Ba4 30. Rc4 (30. Bf3 {keeps more tension.} Bb5 31. a3 f6 32. Rc5 a5 33. h4) 30... Qd1+ 31. Qxd1 Rxd1+ $11 {[%mdl 4096] Endgame KRB-KRB} 32. Kh2 Bb5 33. Rc2 a5 34. g4 a4 35. Bf3 Rd4 36. Kg2 g5 37. e5 Bc4 38. Bxc6 a3 39. Rc3 Bxa2 40. Rxa3 Bd5+ 41. Bxd5 Rxd5 {KR-KR} 42. Re3 Kf8 43. Kg3 Rd4 44. h4 Ke7 $2 {[%mdl 8192]} (44... h5 $11) 45. hxg5 $18 hxg5 46. Rf3 $1 {[%cal Rf3f5]} Rd8 {[#]} 47. Rf5 $1 {[%cal Rf5g5]} Rg8 {[#]} 48. Kf3 $1 {[%cal Rf3e3]} Ke6 49. Ke4 Rg6 50. f3 $2 ({White should try} 50. Kd4 $18) 50... Ke7 $14 51. Kd5 Rg8 52. Rf6 Ra8 53. Ke4 Ra4+ 54. Kf5 Ra5 55. Rb6 {aiming for Rb7+.} Ra3 56. Rb7+ Kf8 {Black escapes into a draw.  Weighted Error Value: White=0.16/Black=0.09} 1/2-1/2

[Event "Croatian junior league 2021"]
[Site "Rabac"]
[Date "2021.04.07"]
[Round "3.3"]
[White "Baric, Marko"]
[Black "Novosel, Lovro"]
[Result "0-1"]
[WhiteElo "1936"]
[BlackElo "1997"]
[Annotator "TA"]
[PlyCount "138"]
[EventDate "2021.04.06"]
[EventType "swiss"]
[EventCountry "CRO"]
[SourceTitle "playchess.com"]
[Source "ChessBase"]
[SourceQuality "1"]

{[%evp 9,138,28,28,28,33,9,14,15,33,0,0,-19,4,-4,-3,-8,0,-6,13,13,17,-19,-19,-19,-19,-33,-23,-23,-39,-45,-24,-35,-12,-15,0,-6,0,0,0,-30,-10,-24,-10,-26,-26,-33,0,0,0,-58,-50,-47,0,0,0,-22,-22,-19,-32,-342,-313,-796,-659,-1958,-654,-643,-641,-617,-609,-657,-579,-651,-631,-618,-612,-577,-507,-595,-566,-754,-706,-1010,-1013,-962,-942,-885,-849,-781,-731,-672,-633,-3876,-3101,-4061,-4112,-2807,-2276,-4817,-1409,-12799,-6717,-29969,-29970,-29964,-29943,-12771,-5583,-29974,-29975,-29975,-29976,-29976,-29978,-29978,-29978,-29978,-29977,-29979,-29980,-29985,-29984,-29985,-29986,-29986,-29987,-29989,-29990,-29992,-29993,-29998,-29999]} 1. e4 c5 2. Nf3 d6 3. Bb5+ Nd7 4. O-O a6 5. Bd3 Ngf6 6. c3 {B51: Sicilian: Moscow Variation (3 Bb5+) without 3...Bd7.} b5 7. Qe2 Bb7 8. Bc2 {The position is equal.} Qc7 9. d3 e6 10. Bg5 Be7 11. Nbd2 {[%cal Bb1d2,Bd2f1,Bf1e3,Be3g4,Bg4h2,Bh2f3][%mdl 32]} O-O 12. Rfe1 {[#]} Rfd8 $146 ({Predecessor:} 12... Rfe8 13. Nf1 Rac8 14. Rac1 h6 {½-½ (14) Nemeckay,R (1946)-Mikulas,D (2046) Slovakia 2017}) 13. Nf1 Ne5 14. Nxe5 dxe5 15. Bxf6 Bxf6 16. Ne3 g6 17. Ng4 Bg7 18. h4 h5 19. Nh2 Qe7 20. Nf3 Rac8 {[%cal Ba8c8,Bc8c7,Bc7d7][%mdl 32]} 21. a4 Rc7 22. axb5 axb5 23. Ra5 Bc6 24. Bb3 Rcd7 25. Rd1 Qd6 26. Ng5 Bf6 27. Raa1 Bxg5 28. hxg5 Qc7 29. g4 (29. Qe3 $11) 29... hxg4 $15 30. Bc2 Qb7 31. Qxg4 c4 {[%cal Rc4d3]} 32. dxc4 bxc4 33. Rxd7 Rxd7 34. Qe2 $2 {[%mdl 8192] Loses the game.} (34. Qh4 $1 $15) 34... Qxb2 $19 {[%mdl 64] [#] Double Attack} 35. Ra6 (35. Rd1) 35... Qc1+ 36. Kh2 Qf4+ (36... Bb7 $142 37. Qe3 Qxe3 38. fxe3 Bxa6 39. Kh3 Bb5 40. Kg4 Rd2 41. Bb1 Rb2 42. Kf3 Ba6 43. Kg4 Rxb1 44. Kh3 Rb3 45. Kh4 Rxc3 46. Kh3 Rb3 47. Kg3 c3 48. Kh3 c2 49. Kg4 Rxe3 50. Kh4 c1=Q 51. Kg4 Qg1+ 52. Kh4 Qg3#) 37. Kg1 Qxg5+ 38. Kf1 Bb5 39. Rb6 {[#]} Rd2 $1 40. Qe3 Qxe3 41. fxe3 Rxc2 42. Rxb5 Rxc3 {[%mdl 4096] Endgame KR-KR} 43. Ke2 f6 44. Rc5 g5 45. Kd2 Ra3 46. Rxc4 Ra2+ 47. Ke1 Kf7 48. Rc7+ Kg6 49. Re7 Ra4 50. Rxe6 Rxe4 51. Kf2 Ra4 52. Rb6 Kf5 53. Kf3 Ra3 (53... g4+ $142 54. Ke2 Ra2+ 55. Ke1 g3) 54. Rc6 g4+ 55. Kf2 g3+ 56. Kf3 e4+ 57. Kxg3 Rxe3+ 58. Kf2 Ra3 {Black mates.} 59. Ke2 Ke5 60. Rc5+ Kf4 61. Rc2 f5 62. Kf2 Rf3+ 63. Kg2 Rg3+ 64. Kh2 Rg8 65. Rc4 Kf3 66. Rc5 f4 67. Rc3+ e3 68. Rc1 e2 69. Rf1+ exf1=R {[%cal Rg8h8] Weighted Error Value: White=0.58/Black=0.23} 0-1

[Event "Croatian junior league 2021"]
[Site "Rabac"]
[Date "2021.04.07"]
[Round "3.4"]
[White "Mrvac, Petar"]
[Black "Cecic-Sule, Dino"]
[Result "0-1"]
[WhiteElo "1908"]
[BlackElo "1770"]
[Annotator "TA"]
[PlyCount "68"]
[EventDate "2021.04.06"]
[EventType "swiss"]
[EventCountry "CRO"]
[SourceTitle "playchess.com"]
[Source "ChessBase"]
[SourceQuality "1"]

{[%evp 13,68,7,12,0,18,17,16,17,18,4,14,15,17,15,17,0,0,-8,0,-48,-40,-49,-29,-29,-30,-19,0,0,0,-11,-8,-18,0,-11,-5,-28,0,0,4,-56,-56,-220,-89,-133,-56,-103,-11,-120,-121,-226,-213,-492,-476,-485,-477,-435,-394]} 1. e4 e6 2. d4 d5 3. Nd2 Nf6 4. e5 Nfd7 5. f4 c5 6. c3 Nc6 7. Ngf3 Be7 8. Bd3 {C05: French Tarrasch: 3...Nf6 4 e5 Nfd7, 5 f4 and 5 Bd3 sidelines.} Qb6 {[%cal Rc5d4]} 9. dxc5 Nxc5 10. Bc2 {The position is equal.} a5 {[#]} 11. Nd4 $146 ({Predecessor:} 11. Nb3 Bd7 12. Be3 a4 13. Bxc5 Bxc5 14. Nxc5 Qxc5 15. Qd3 g6 16. a3 Ra6 17. h4 {0-1 (41) Todorovic,G (2409)-Gadimbayli,A (2447) Belgrade 2019}) 11... Nxd4 12. cxd4 Na6 13. Nf3 Nb4 14. Bb1 Bd7 15. a3 Nc6 16. b3 Rc8 17. Bc2 Na7 18. O-O Nb5 19. Bb2 O-O 20. Qd2 Rc7 21. Kh1 Rfc8 22. Rfc1 Rc6 23. h3 g6 24. Bd3 Nc7 25. Qd1 Ne8 26. h4 (26. Rcb1 $11) 26... Ng7 $15 27. Rc2 $2 {[#]} ({Better is} 27. Kh2 $15) 27... Nh5 (27... Qxb3 $19 {[%cal Rc6c2] and Black stays clearly on top.} 28. Rxc6 Qxd1+ 29. Rxd1 Rxc6) 28. Rxc6 Rxc6 (28... bxc6 $17 29. Bc1 c5) 29. Bc1 Qd8 (29... Ng3+ $17 30. Kh2 Ne4) 30. Ng5 (30. Kh2 $11) 30... h6 $17 31. Nxf7 Kxf7 $19 32. Bxg6+ $2 {[#]} (32. Qg4 Qg8 33. Bb2) 32... Kxg6 {Black is clearly winning.} 33. Qg4+ Kh7 34. Qxh5 Qe8 {Weighted Error Value: White=0.44/Black=0.20} 0-1

[Event "Croatian junior league 2021"]
[Site "Rabac"]
[Date "2021.04.07"]
[Round "3.5"]
[White "Ghersinich, Enrico"]
[Black "Damjanovic, Stjepan"]
[Result "1-0"]
[WhiteElo "2186"]
[BlackElo "1890"]
[Annotator "TA"]
[PlyCount "77"]
[EventDate "2021.04.06"]
[EventType "swiss"]
[EventCountry "CRO"]
[SourceTitle "playchess.com"]
[Source "ChessBase"]
[SourceQuality "1"]

{[%evp 13,77,-2,-5,0,9,-60,-6,-20,0,-6,0,-9,10,-7,-14,-13,29,23,26,26,29,30,28,11,22,19,24,11,37,33,85,0,0,0,85,72,108,41,55,70,190,161,160,54,166,188,300,298,327,314,346,349,342,339,1209,650,1533,944,943,937,1226,1226,2324,2242,29993,29989]} 1. c4 e5 2. Nc3 Nf6 3. g3 Bb4 4. Bg2 O-O 5. Nf3 Nc6 6. O-O Bxc3 7. dxc3 d6 8. b3 {A29: English Opening: Four Knights Variation with 4 g3.} Bf5 {[#]} 9. Nd2 $146 (9. Nh4 $11 Be6 10. e4) ({Predecessor:} 9. Nh4 Qd7 10. Nxf5 Qxf5 11. h3 h6 12. e4 Qg6 13. Qe2 Nd8 14. Kh2 Ne6 15. f4 Nh5 {0-1 (54) Hocevar,N (2210)-Rabovszky,G (2155) Budapest 1998}) 9... Qd7 (9... e4 $1 $15) 10. Re1 {The position is equal.} Rae8 11. e4 Bh3 12. Bh1 Qg4 13. Qc2 Qh5 14. Nf1 Bxf1 15. Rxf1 Qg6 16. Bg2 a5 17. Qe2 b6 18. a3 Nd7 19. h4 Nc5 20. Rb1 Qe6 21. Kh2 Ne7 (21... Qe7 $14) 22. Bh3 Qg6 23. Bg2 Qe6 24. b4 {[#] And now Bh3 would win.} axb4 25. cxb4 (25. axb4 $16 {Threatens to win with Bh3.} Nb7 26. Bh3) 25... Nb7 26. Bh3 Qg6 ({Black should play} 26... f5 $14) 27. h5 $36 {[%mdl 2048] White is in control.} Qf6 28. Qg4 (28. Bd7 $16) 28... h6 (28... Nd8 $1 $14) 29. Qd7 Rc8 (29... Nd8 $142) 30. Rb3 {[%cal Bb1b3,Bb3f3,Bf3f7][%mdl 32]} Rfd8 31. Qg4 Kh8 32. Rf3 Qe6 33. Qh4 ({Resist} 33. Qxe6 fxe6 34. Bxe6 Ra8) 33... Qxc4 (33... f5 34. exf5 Qf6 35. Qxf6 gxf6 36. Bxh6 c6) 34. Qxe7 {Black must now prevent Bxh6!} Rg8 35. Rxf7 Rce8 36. Qxc7 {[%mdl 64] Double Attack} Qxe4 37. Qxb7 Qd3 {[#]} 38. Bxh6 $1 gxh6 (38... Qh7 39. Be3) 39. Bf5 {[%csl Gb7,Gf5][%cal Rf7h7] Weighted Error Value: White=0.34/Black=0.45} 1-0

[Event "Croatian junior league 2021"]
[Site "Rabac"]
[Date "2021.04.07"]
[Round "3.7"]
[White "Duda, Daniel"]
[Black "Juric, Ester"]
[Result "1-0"]
[WhiteElo "1968"]
[BlackElo "1587"]
[Annotator "TA"]
[PlyCount "80"]
[EventDate "2021.04.06"]
[EventType "swiss"]
[EventCountry "CRO"]
[SourceTitle "playchess.com"]
[Source "ChessBase"]
[SourceQuality "1"]

{[%evp 25,80,0,34,34,43,57,85,82,88,88,83,97,92,97,99,81,83,81,98,99,105,116,104,104,118,100,131,87,204,191,395,243,529,520,517,503,596,410,410,406,386,373,540,535,671,674,793,724,6293,6311,6829,6770,6179,6050,5261,5222,29994]} 1. d4 d5 2. c4 e6 3. Nc3 Be7 4. Nf3 Nf6 5. Bg5 h6 6. Bh4 O-O 7. e3 b6 8. cxd5 Nxd5 9. Bxe7 Qxe7 10. Bd3 Bb7 11. Rc1 Rc8 12. O-O Nd7 13. Nxd5 exd5 14. Bf5 {D59: Queen's Gambit Declined: Tartakower Defence: Main line (8 cxd5 Nxd5).} g6 15. Bh3 {[#]} c6 $146 ({Predecessor:} 15... f5 16. Qb3 c6 17. Rfe1 Kg7 18. g3 Rf8 19. Bg2 Qd6 20. Qc3 Kh7 21. b4 Rac8 {½-½ (54) Mai,I (2164)-Sharevich,A (2322) Germany 2009}) 16. Ne5 $1 {White is better.} Nxe5 17. Bxc8 ({Of course not} 17. dxe5 $6 Rf8 $11) 17... Rxc8 18. dxe5 Qxe5 19. Qd4 Qe6 20. Rfd1 c5 21. Qf4 h5 22. b4 Qe7 23. bxc5 bxc5 24. Rb1 Rc7 25. Rb5 Qd7 26. Rdb1 Qc6 {[#]} (26... Qe7 $16) 27. f3 $1 $18 c4 $2 (27... Re7 28. Qg5 Rd7) 28. Qd4 Bc8 $2 (28... Kh7 {is a better defense.} 29. a4 (29. Qxa7 c3 $16) 29... a6) 29. Rxd5 {Intending Rd8+ and mate.} Rd7 30. Rxd7 Bxd7 31. Qxa7 {[%mdl 4096] [#] Endgame Rb8+ is the strong threat. KQR-KQB} c3 32. Qd4 c2 33. Rc1 Be6 (33... Qc7 $142 34. a4 Bf5) 34. Qd2 {White is clearly winning.} h4 35. Rxc2 Qa8 36. h3 Bxh3 37. gxh3 Qxf3 38. Qf2 Qd1+ 39. Kh2 Qd6+ 40. Qf4 Qd3 {Weighted Error Value: White=0.20/Black=0.72} 1-0

[Event "Croatian junior league 2021"]
[Site "Rabac"]
[Date "2021.04.07"]
[Round "3.8"]
[White "Markovic, Marko"]
[Black "Muha, Magdalena"]
[Result "1-0"]
[WhiteElo "2232"]
[BlackElo "1806"]
[Annotator "TA"]
[PlyCount "61"]
[EventDate "2021.04.06"]
[EventType "swiss"]
[EventCountry "CRO"]
[SourceTitle "playchess.com"]
[Source "ChessBase"]
[SourceQuality "1"]

{[%evp 13,60,-4,0,0,0,-2,-7,-29,45,-43,-43,-33,-12,-31,-14,-19,-11,-72,-7,-25,0,-62,55,48,38,46,96,91,353,162,171,40,53,29,54,61,326,298,243,-108,0,-322,-310,-875,-221,-197,83,42,29999]} 1. d4 d5 2. c4 c6 3. Nf3 Nf6 4. Nc3 dxc4 5. e3 b5 6. a4 b4 7. Na2 a5 8. Bxc4 {D15: Slav Defence: 4 Nc3 a6 and gambit lines after 4 Nc3 dxc4.} e6 9. O-O Nbd7 10. Re1 {[#] The position is equal.} c5 $146 (10... Be7 $11) ({Predecessor:} 10... Be7 11. b3 O-O 12. Bb2 Bb7 13. Qe2 c5 14. Rad1 Qc7 15. Nc1 Nb6 16. Bb5 Ne4 17. Ne5 Nd5 18. Na2 Rad8 19. Rc1 Bd6 20. Bd3 Nef6 21. h3 Qb8 22. Nc4 {½-½ (22) Heurtebize,O (2265)-Cramling,P (2508) France 2002}) 11. b3 (11. e4 $1 $14) 11... Bb7 $15 12. Bb2 Be7 13. Nc1 O-O 14. Nd3 Rc8 15. Nf4 (15. Qe2 $11 {remains equal.}) 15... Qb6 (15... Nb6 $17 16. Nd2 Nxc4 17. Nxc4 cxd4 18. Qxd4 Ba6) 16. Rc1 Rfd8 17. Ng5 {[#]} (17. Qe2 $11) 17... Nd5 (17... Ne5 $1 $15 18. Nd3 cxd4 19. Bxd4 {[%mdl 64] Double Attack} (19. Nxe5 $2 dxe3 {[%mdl 64] Discovered Attack} 20. fxe3 Rxd1 $19) 19... Qc6) 18. Qh5 $14 Bxg5 19. Qxg5 {dxc5 is the strong threat.} N5f6 20. Bb5 e5 $2 {[%mdl 8192]} (20... h6 $16 {was necessary.} 21. Qg3 Ne8) 21. Bxd7 (21. dxe5 $142 Ne4 22. Qg4) 21... Rxd7 22. dxe5 (22. Qxe5 $18 {[%cal Rd4c5]} Rdc7 23. d5) 22... Ne4 23. Qg4 Rd2 24. Re2 $40 {[%cal Re2d2][%mdl 128] Threatens to win with Rxd2. White has some attack.} Rcd8 {[%mdl 8192]} ({Black should play} 24... Qd8 $1 $14) 25. Rxd2 Rxd2 {[#]} 26. Ba1 $2 (26. e6 $1 $18 {[%csl Gb2][%cal Rg4g7]} f6 27. Nh5 $1 (27. e7 Kf7 $18)) 26... Nxf2 $17 27. Qg5 {[%mdl 8192]} (27. Qh5 $1 $11 Ne4 28. e6) 27... Qc6 $19 {( -> ...Nh3+!)} 28. Kf1 $2 {[#]} (28. Qg3 g6 29. e6 fxe6 30. Rf1) 28... Ne4 $2 (28... Nh3 $1 {[%mdl 512]} 29. Nxh3 h6) 29. Qe7 {aiming for e6.} h6 $2 (29... Ba6+ $19 30. Kg1 Qd7 31. Qxd7 Rxd7) 30. e6 $16 fxe6 {[%mdl 8192]} ({Don't play} 30... Ng5 $6 31. exf7+ Nxf7 32. Rxc5 $16) (30... f6 $14) 31. Qxg7# {Weighted Error Value: White=0.95/Black=1.13} 1-0

[Event "Croatian junior league 2021"]
[Site "Rabac"]
[Date "2021.04.07"]
[Round "3.9"]
[White "Bunic, Emanuel"]
[Black "Colev, Ivor"]
[Result "0-1"]
[WhiteElo "1839"]
[BlackElo "1847"]
[Annotator "NA RC"]
[PlyCount "78"]
[EventDate "2021.04.06"]
[EventType "swiss"]
[EventCountry "CRO"]
[SourceTitle "playchess.com"]
[Source "ChessBase"]
[SourceQuality "1"]
[TimeControl "5400+30"]

1. d4 {[%emt 0:00:00]} f5 {[%emt 0:00:00]} 2. c4 {[%emt 0:00:00]} e6 {[%emt 0:00:00]} 3. Nc3 {[%emt 0:00:11]} Nf6 {[%emt 0:00:00]} 4. Bg5 {[%emt 0:01:36]} Bb4 {[%emt 0:00:00]} 5. Nf3 {[%emt 0:00:57]} O-O {[%emt 0:00:22]} 6. Qb3 {[%emt 0:01:10]} a5 {[%emt 0:07:47]} 7. e3 {[%emt 0:02:20]} b6 {[%emt 0:00:22]} 8. Be2 {[%emt 0:01:52]} Bb7 {[%emt 0:01:17]} 9. O-O {[%emt 0:03:17]} Bxc3 {[%emt 0:01:24]} 10. bxc3 {[%emt 0:02:00]} h6 {[%emt 0:12:24]} 11. Bxf6 {[%emt 0:05:37]} Qxf6 {[%emt 0:00:09]} 12. c5 {[%emt 0:01:35]} a4 {[%emt 0:01:00]} 13. Qb2 {[%emt 0:00:43]} a3 $16 {[%emt 0:04:53] [#]} 14. Qb3 $1 {[%emt 0:00:23]} b5 {[%emt 0:08:37]} 15. Ne5 d6 {[%emt 0:00:00]} 16. cxd6 {[%emt 0:11:10]} cxd6 {[%emt 0:00:00]} 17. Bf3 {[%emt 0:00:30]} Bxf3 {[%emt 0:00:04]} 18. Nxf3 {[%emt 0:00:15]} Ra5 {[%emt 0:03:04]} 19. Qb4 {[%emt 0:05:35]} Qd8 {[%emt 0:00:17]} 20. Rad1 {[%emt 0:00:38]} Nc6 {[%emt 0:00:58]} 21. Qb3 {[%emt 0:00:25]} d5 {[%emt 0:00:16]} 22. Rb1 {[%emt 0:03:52]} Qc7 {[%emt 0:00:58]} 23. Qc2 {[%emt 0:01:24]} Rb8 {[%emt 0:03:03]} 24. Nd2 {[%emt 0:01:21]} Raa8 {[%emt 0:04:32]} 25. Nb3 {[%emt 0:02:13]} Nb4 {[%emt 0:01:57]} 26. Qd2 {[%emt 0:00:36]} Na6 {[%emt 0:00:14]} 27. Nc1 {[%emt 0:02:07]} Qa5 {[%emt 0:02:37]} 28. f4 {[%emt 0:03:11]} Rc8 {[%emt 0:02:56]} 29. Rb3 {[%emt 0:01:21]} Rc4 {[%emt 0:03:20]} 30. Ne2 {[%emt 0:01:41]} Rac8 {[%emt 0:01:27]} 31. Rfb1 {[%emt 0:03:53]} Rb8 {[%emt 0:04:22]} 32. Nc1 {[%emt 0:10:39]} Rbc8 {[%emt 0:06:03]} 33. Nd3 {[%emt 0:04:27]} Rxc3 {[%emt 0:24:33]} 34. Rxc3 {[%emt 0:19:16]} Qxc3 {[%emt 0:00:36]} 35. Qxc3 {[%emt 0:00:34]} Rxc3 {[%emt 0:00:02]} 36. Nb4 {[%emt 0:02:29]} Nxb4 {[%emt 0:00:05]} 37. Rxb4 {[%emt 0:00:08]} Rc1+ {[%emt 0:00:01]} 38. Kf2 {[%emt 0:00:15]} Rc2+ {[%emt 0:00:02]} 39. Kf3 {[%emt 0:00:55]} Rb2 {[%emt 0:00:03]} 0-1

[Event "Croatian junior league 2021"]
[Site "Rabac"]
[Date "2021.04.07"]
[Round "3.10"]
[White "Perko, Bartol"]
[Black "Zadro, Matej"]
[Result "1-0"]
[WhiteElo "1766"]
[BlackElo "1742"]
[Annotator "NA RC"]
[PlyCount "55"]
[EventDate "2021.04.06"]
[EventType "swiss"]
[EventCountry "CRO"]
[SourceTitle "playchess.com"]
[Source "ChessBase"]
[SourceQuality "1"]
[TimeControl "5400+30"]

1. c4 {[%emt 0:00:00]} Nf6 {[%emt 0:00:00]} 2. Nc3 {[%emt 0:00:00]} g6 {[%emt 0:00:00]} 3. g3 {[%emt 0:00:00]} Bg7 {[%emt 0:00:00]} 4. Bg2 {[%emt 0:00:00]} O-O {[%emt 0:00:00]} 5. d3 {[%emt 0:00:02]} d6 {[%emt 0:03:33]} 6. e4 {[%emt 0:00:08]} c5 {[%emt 0:05:14]} 7. Nge2 {[%emt 0:00:05]} Nc6 {[%emt 0:01:18]} 8. O-O {[%emt 0:00:06]} Nd4 {[%emt 0:10:12]} 9. h3 {[%emt 0:03:17]} Nd7 {[%emt 0:05:19]} 10. f4 {[%emt 0:02:55]} Nb8 {[%emt 0:01:38]} 11. Rb1 {[%emt 0:06:23]} Nbc6 {[%emt 0:09:00]} 12. Be3 {[%emt 0:10:43]} a6 {[%emt 0:15:56]} 13. g4 {[%emt 0:00:00]} b5 {[%emt 0:06:28]} 14. f5 {[%emt 0:00:00]} Bd7 {[%emt 0:10:42]} 15. Qd2 {[%emt 0:05:51]} bxc4 {[%emt 0:07:19]} 16. dxc4 {[%emt 0:01:35]} Ne5 {[%emt 0:00:15]} 17. b3 {[%emt 0:00:16]} Nxe2+ {[%emt 0:04:34]} 18. Nxe2 {[%emt 0:01:16]} a5 {[%emt 0:02:34]} 19. Bh6 {[%emt 0:01:48]} a4 {[%emt 0:00:44]} 20. Bxg7 {[%emt 0:00:07]} Kxg7 {[%emt 0:00:04]} 21. g5 {[%emt 0:01:47]} axb3 {[%emt 0:01:28]} 22. axb3 {[%emt 0:00:53]} Ra6 {[%emt 0:02:38]} 23. Qf4 {[%emt 0:04:22]} e6 {[%emt 0:02:17]} 24. f6+ {[%emt 0:01:06]} Kh8 {[%emt 0:00:16]} 25. Qh4 {[%emt 0:00:04]} Ra2 {[%emt 0:01:10]} 26. Qh6 {[%emt 0:00:20]} Rg8 {[%emt 0:00:08]} 27. Rf4 {[%emt 0:00:04]} Qf8 {[%emt 0:00:28]} 28. Qxh7+ {[%emt 0:00:20]} 1-0